000 00440nam a2200121Ia 4500
008 171212s9999 xx 000 0 und d
020 _a9781787350007
100 _aSheil, Bob;Menges, Achim;Glynn, Ruairi;Skavara, Marilena
245 _cSheil, Bob;Menges, Achim;Glynn, Ruairi;Skavara, Marilena
_aFabricate 2017
260 _bUCL Press
_c2017
650 _aArchitecture & Architectural History
856 _uhttp://jstor.org/stable/j.ctt1n7qkg7
999 _c352868
_d352868